00000000nam##2200000za#4500
0019.682714
003CaOODSP
00520260521145829
007ta
008150407|2005||||xxc|||||     f|0| 0 fre|d
020 |a0-662-78716-1
040 |aCaOODSP|bfre
043 |an-cn---
0861 |aD2-163/2005F
1101 |aCanada. |bMinistère de la défense nationale.
24510|aBienvenue à Goose Bay - liberté de vol : |bpossibilités d'entraînement de forces militaires étrangères
260 |aOttawa - Ontario : |bDéfense nationale |c2005.
563 |aDépliant
590 |a05-08|b2005-02-25
69107|aCentre de formation|2gcpds
69107|aFormation militaire|2gcpds
77508|tWelcome to Goose Bay - the freedom to fly : |w(CaOODSP)9.649526